000 00315nam a22001337a 4500
008 170220b xxu||||| |||| 00| 0 eng d
020 _a9780781766173
041 _aeng
080 _a615
100 _a5
101 _aSHF
245 _aSTANDARDS OF PRACTICE FOR THE PHARMACY TECHNICIAN
_cMOHR, M,E
942 _2udc
_cBK
999 _c5768
_d5768